01060cam a22003131 4500001001300000003000400013005001700017008004100034010001700075035001900092040004900111042001200160050002200172051001600194051001300210051001200223082001200235100004700247245004500294260004900339300002900388490009000417504002500507651002600532650005200558810005300610810006600663999001700729s 49000004 DLC20260227111912.0760309s1948 onca b f000 0 eng c as 49000004  a(OCoLC)2040376 aSmithsonian Institution Library.cTxDaMdDLC apremarc00aQH1b.C13 no. 109 aE78.O5bW54 c2nd set. c3rd set a913.3471 aWintemberg, W. J.,q(William John),d1876-14aThe Middleport prehistoric village site. aOttawa,bE. Cloutier, King's Printer,c1948. av, 79 p.billus.c25 cm.1 aCanada. National Museum, Ottawa. Bulletinvno. 109. Anthropological series, no. 27 aBibliography: p. 42. 0aOntarioxAntiquities. 0aIndians of North AmericazOntarioxAntiquities.2 aNational Museum of Canada.tBulletin ;vno. 109.2 aNational Museum of Canada.tAnthropological series ;vno. 27. c52790d52790